000 00386nam a2200157Ia 4500
003 Ost
005 20260225132554.0
008 260225s9999||||xx |||||||||||||| ||und||
040 _cfsic
041 _afre
082 _a440
100 _aBrondino Michele
_eAuteur
245 0 _aLa Presse Itatienne en Tunisie :
245 0 _bgisoire et société /
_cBrondino Michele
942 _cكتاب
999 _c34362
_d34362